| 000 | 02058nam a2200361 a 4500 | ||
|---|---|---|---|
| 001 | 000021368 | ||
| 005 | 20240430192052.0 | ||
| 008 | 100906s2002 sp ab r 000 | spa d | ||
| 020 | _a9709273612 | ||
| 040 |
_aDO-SdBNP _bspa _cBNPHU |
||
| 082 |
_a303.625 _bC961d |
||
| 245 | 0 | 0 |
_aCuando el destin0 nos alcance...terrerismo, democracia y seguridad / _ccoordinación de María Cristina Rosas; Walter Astié-Burgos... [et al.] ; prólogo de Georgina Sánchez. |
| 260 |
_aMéxico : _bUniversidad Nacional Autónoma de México; _bEditorial Quimera; _bAustralian National University, _c2002. |
||
| 300 |
_a283 p. ; _c21 cm. |
||
| 490 | 1 | _aRelaciones Internacionales | |
| 505 | 0 |
_gI _tTerrorismo en siglo xxi / _rWalter Astié-Burgos _gII _tEl regreso de la historia / _rChristian Reus-Smit _gIII _tDemocracia y seguridad / _rLeornando Curzio Gutiérrez _gIV _t¿Es apropiado responder con ataques militares? / _rRichard Price _gV _tSmart borders y seguridad nacional despues del 11 septiembre : ¿tomando "decisiones inteligentes"? / _rAlejandro Dávila Flores _gVI _t¿Cuánto cambió el mundo después del 11 septiembre? / _rMaría Cristina Rosas _gVII _tLa lucha contra el terrorismo y la respuesta de Australia / _rStuart Harris _gVIII _tArmas biológicas : retrospectiva para mirar al futuro / _rAlfonso Aragón Camarena _gIX _tTerrorismo y armas químicas / _rBenjamín Ruíz Loyola |
|
| 650 | 0 |
_aTerrorismo _93230 |
|
| 650 | 4 |
_aTerrorismo _zAmérica Latina _944609 |
|
| 650 | 4 |
_aPolítica internacional _ySIGLO XXI _944610 |
|
| 650 | 4 |
_aTerroristas _944611 |
|
| 700 | 1 |
_aRosas, María Cristina _926176 |
|
| 700 | 1 |
_aAstié-Burgos, Walter _944612 |
|
| 700 | 1 |
_aReus-Smit, Christian _944613 |
|
| 700 | 1 |
_aCurzio Gutiérrez, Leornando _944614 |
|
| 700 | 1 |
_aPrice, Richard _944615 |
|
| 700 | 1 |
_aDávila Flores, Alejandro _944616 |
|
| 700 | 1 |
_aHarris, Stuart _944617 |
|
| 700 | 1 |
_aAragón Camarena, Alfonso _944618 |
|
| 700 | 1 |
_aRuíz Loyola, Benjamín _944619 |
|
| 700 | 1 |
_aSánchez, Georgina, _epról. _944620 |
|
| 830 | 0 |
_aRelaciones internacionales _931425 |
|
| 049 | _aBNGR | ||
| 999 |
_c20868 _d20868 |
||